000 00523nam a2200217Ia 4500
003 0100
008 130307s9999 xx 000 0 und d
020 _a0334027047
040 _cARRUPELIB
050 _aBJ1125.K8713 1997
100 _aKung, Hans
245 2 _aA Global ethic for global politics and economics
260 _aLondon
260 _bSCM Press Ltd.
260 _c1997
300 _axi
300 _b315p. 25cm.
650 _aETHICS
650 _bBible old testament psalms - criticism
942 0 0 _02
999 _c96193
_d96193